000 00821cab a2200277 4500
001 ABS45315
008 090401t1991 xxu||||| |||| 00| 0 eng d
035 _a(Sirsi) u52290
041 _aeng
100 _aHoesli, M.E.
245 _aSwiss real estate : return, risk and diversification opportunities
260 _c1991
350 _a0
490 _aJournal of Property Research
_v8(2) Summer 1991, 133-145(7)
520 _aDiscusses the Swiss real estate market focusing on risks and returns.
650 _aMARKET
650 _aPROPERTY INVESTMENT
650 _aRETURNS
650 _aRISKS
650 _aSWITZERLAND
690 _aPROPERTY-COMMERCIAL PROPERTY-COMMERCIAL PROPERTY FINANCE AND INVESTMENT
690 _aOVERSEAS-EUROPE
700 _aAnderson, M.S.
942 _n0
948 _c04/03/1997
999 _c32429
_d32429